Statistics for Abilities based on the Pokemon-Gen II

Click here to take the quiz!

General Stats

  • This quiz has been taken 11 times
  • The average score is 16 of 20

Answer Stats

PokemonAbility(ies)% Correct
TyphlosionBlaze
100%
BellossomChlorophyll
100%
QuagsireDamp | Water Absorb
100%
Politoed (Hidden)Drizzle
100%
HoundoomEarly Bird | Flash Fire
100%
Typhlosion (Hidden)Flash Fire
100%
CorsolaHustle | Natural Cure
100%
Crobat (Hidden)Infiltrator
100%
Entie (Hidden)Inner Focus
100%
Raikou (Hidden)Inner Focus
100%
CrobatInner Focus
100%
Delibird (Hidden)Insomnia
100%
GranbullIntimidate | Quick Feet
100%
SkarmoryKeen Eye | Sturdy
100%
UnownLevitate
100%
MagcargoMagma Armour | Flame Body
100%
Octillery (Hidden)Moody
100%
Heracross (Hidden)Moxie
100%
CelebiNatural Cure
100%
BlisseyNatural Cure | Serene Grace
100%
SlowkingOblivious | Own Tempo
100%
EnteiPressure
100%
Ho-ohPressure
100%
SuicunePressure
100%
Ho-oh (Hidden)Regenerator
100%
SteelixRock Head | Sturdy
100%
FurretRun Away | Keen Eye
100%
Azumarill (Hidden)Sap Sipper
100%
Steelix (Hidden)Sheer Force
100%
Ariados (Hidden)Sniper
100%
ForretressSturdy
100%
ShuckleSturdy | Gluttony
100%
OctillerySuction Cups | Sniper
100%
HeracrossSwarm | Guts
100%
ScizorSwarm | Technician
100%
KingdraSwift Swim | Sniper
100%
MiltankThick Fat | Scrappy
100%
FeraligatrTorrent
100%
DelibirdVital Spirit | Hustle
100%
Lanturn (Hidden)Water Absorb
100%
PolitoedWater Absorb | Damp
100%
Skarmory (Hidden)Weak Armour
100%
Slowking (Hidden)Regenerator
50%
JumpluffChlorophyll | Leaf Guard
0%
SunfloraChlorophyll | Solar Power
0%
Shuckle (Hidden)Contrary
0%
Kingdra (Hidden)Damp
0%
Sunflora (Hidden)Early Bird
0%
Furret (Hidden)Frisk
0%
UrsaringGuts | Quick Feet
0%
Blissey (Hidden)Healer
0%
Bellossom (Hidden)Healer
0%
Jumpluff (Hidden)Infiltrator
0%
Umbreon (Hidden)Inner Focus
0%
Suicune (Hidden)Inner Focus
0%
NoctowlInsomnia | Keen Eye
0%
Qwilfish (Hidden)Intimidate
0%
HitmontopIntimidate | Technician
0%
Ledian (Hidden)Iron Fist
0%
Meganium (Hidden)Leaf Guard
0%
Scizor (Hidden)Light Metal
0%
Espeon (Hidden)Magic Bounce
0%
Xatu (Hidden)Magic Bounce
0%
Smeargle (Hidden)Moody
0%
Lugia (Hidden)Multiscale
0%
Forretress (Hidden)Overcoat
0%
MeganiumOvergrow
0%
SmeargleOwn Tempo | Technician
0%
Ampharos (Hidden)Plus
0%
QwilfishPoison Point | Swift Swim
0%
LugiaPressure
0%
RaikouPressure
0%
Granbull (Hidden)Rattled
0%
Sudwoodo (Hidden)Rattled
0%
Corsola (Hidden)Regenerator
0%
TyranitarSand Stream
0%
Donphan (Hidden)Sand Veil
0%
MIltank (Hidden)Sap Sipper
0%
WobbuffetShadow Tag
0%
Feraligatr (Hidden)Sheer Force
0%
AmpharosStatic
0%
HItmontop (Hidden)Steadfast
0%
DonphanSturdy
0%
SudowoodoSturdy | Rock Head
0%
LedianSwarm | Early Bird
0%
AriadosSwarm | Insomnia
0%
MantineSwift Swim | Water Absorb
0%
EspeonSynchronise
0%
UmbreonSynchronise
0%
XatuSynchronise | Early BIrd
0%
Wobbuffet (Hidden)Telepathy
0%
AzumarillThick Fat | Huge Power
0%
Noctowl (Hidden)Tinted Lens
0%
Quagsire (Hidden)Unaware
0%
Houndoom (Hidden)Unnerve
0%
Tyranitar (Hidden)Unnerve
0%
Ursairng (Hidden)Unnerve
0%
LanturnVolt Absorb | Illuminate
0%
Mantine (Hidden)Water Veil
0%
Magcargo (Hidden)Weak Armour
0%

Score Distribution

Percentile by Number Answered

Percent of People with Each Score

Your Score History

You have not taken this quiz